• 首页
  • 本馆介绍
  • 公告通知
  • 最新文献
  • 馆藏检索
  • 电子资源
  • 读者导购
  • 参考咨询
  • 我的图书馆
  • 登录
  • 详细信息显示
  • 放入我的书架
  • 预约/预借图书
  • 作者相关作品
  • 分类相关作品
  • 丛书相关作品
  • 出版社相关作品

书目信息

  • 表格格式
  • 工作单格式
  • 卡片格式
题名:
高等代数与解析几何
    
 
作者: 陈志杰 主编
分册: 上册  
出版信息: 北京   高等教育出版社  2008
页数: 380页
开本: 23cm
丛书名:
单 册:
中图分类: O15 , O182
科图分类:
主题词: 高等代数--高等教育--教材 , 解析几何--高等教育--教材 , 高等代数 , 解析几何
电子资源:
ISBN: 978-7-04-024896-8
000 00957nam0 2200301 450
001 012015000455
005 20150914153255.23
010    @a978-7-04-024896-8@dCNY34.50
100    @a20090410d2008 em y0chiy50 ea
101 0  @achi
102    @aCN@b110000
105    @ay z 000yy
106    @ar
200 1  @a高等代数与解析几何@Agao deng dai shu yu jie xi ji he@h上册@f陈志杰主编
205    @a2版
210    @a北京@c高等教育出版社@d2008
215    @a380页@d23cm
300    @a普通高等教育“十一五”国家级规划教材
330    @a本书内容包括:向量代数,行列式,线性方程组与线性子空间、几何空间中的平面与直线、矩阵的秩与矩阵的运算,线性空间与欧几里德空间等。
606 0  @a高等代数@x高等教育@j教材
606 0  @a解析几何@x高等教育@j教材
606 0  @a高等代数
606 0  @a解析几何
690    @aO15@v5
690    @aO182@v5
701  0 @a陈志杰@Achen zhi jie@c(数学)@4主编
801  0 @aCN@b碧洲教育@c20150716
905    @a10447@f4@dO15@e322:1=2
    
    高等代数与解析几何.上册/陈志杰主编.-2版.-北京:高等教育出版社,2008
    380页;23cm
    普通高等教育“十一五”国家级规划教材
    
    ISBN 978-7-04-024896-8:CNY34.50
    本书内容包括:向量代数,行列式,线性方程组与线性子空间、几何空间中的平面与直线、矩阵的秩与矩阵的运算,线性空间与欧几里德空间等。
●
相关链接 在E读中查询图书 在五车中查询图书 在当当中查询图书 在豆瓣中查询图书


正题名:高等代数与解析几何     索取号:O15/322:1=2         预约/预借

序号 登录号 条形码 馆藏地/架位号 状态 备注
1 0849290   208492905   第二样本阅览室/ [索取号:O15/322:1=2] 在馆    
2 0849291   208492914   数信系资料室/ [索取号:O15/322:1=2] 在馆    
3 0849292   208492923   第三借阅区/ [索取号:O15/322:1=2] 在馆    
4 0849293   208492932   数信系资料室/ [索取号:O15/322:1=2] 在馆    
唐山师范学院图书馆 欢迎您!
大连网信软件有限公司© 版权所有